| 000 | 00423nam a2200121Ia 4500 | ||
|---|---|---|---|
| 008 | 160809s9999 xx 000 0 und d | ||
| 100 | _aPellegrino, Robert J. | ||
| 245 | _aAdvertising in the Hispanic Market | ||
| 245 | _cRobert J. Pellegrino, Kimberly C. Pellegrino, Debra Perkins. | ||
| 260 | _bJournal of Management and Marketing Research | ||
| 650 | _xMARKETING | ||
| 856 | _uhttp://www.aabri.com/manuscripts/162389.pdf | ||
| 999 |
_c300145 _d300145 |
||